| 000 | 01132nam a2200313 a 4500 | ||
|---|---|---|---|
| 999 |
_c280 _d280 |
||
| 001 | 4872080 | ||
| 003 | ALUPE UNIVERSITY | ||
| 005 | 20210610120249.0 | ||
| 008 | 920228s1993 maua b 000 0 eng | ||
| 010 | _a 92070802 | ||
| 020 | _a0669246018 (pbk. : v. 1) | ||
| 020 | _a0669246026 (pbk. : v. 2) | ||
| 040 |
_aDLC _cDLC |
||
| 043 | _ae-uk--- | ||
| 050 | 0 | 0 |
_aDA32.5 _b.P37 1993 |
| 082 | 0 | 0 |
_a941 _220 |
| 245 | 0 | 4 |
_aThe Past speaks : _bsources and problems in British history. |
| 250 | _a2nd ed. | ||
| 260 |
_aLexington, Mass. : _bD.C. Heath, _cc1993. |
||
| 300 |
_a2 v. : _bill. ; _c24 cm. |
||
| 504 | _aIncludes bibliographical references. | ||
| 505 | 0 | _av. 1. To 1688 / introduced and edited by Lacey Baldwin Smith and Jean Reeder Smith -- v. 2. Since 1688 / introduced and edited by Walter L. Arnstein. | |
| 651 | 0 |
_aGreat Britain _xHistory _xSources. |
|
| 700 | 1 |
_aSmith, Lacey Baldwin, _d1922- |
|
| 700 | 1 | _aSmith, Jean Reeder. | |
| 906 |
_a7 _bcbc _corignew _d2 _eopcn _f19 _gy-gencatlg |
||
| 942 |
_2lcc _cBK _nDO |
||